Sborník prací 35 Sborník prací Provozně ekonomické fakulty Vysoké školy zemědělské v Praze
Salvato in:
| Altri autori: | |
|---|---|
| Natura: | Libro |
| Lingua: | ceco inglese |
| Pubblicazione: |
Praha
Vysoká škola zemědělská
1992
|
| Edizione: | 1. vyd. |
| Soggetti: | |
| Tags: |
Nessun Tag, puoi essere il primo ad aggiungerne!!
|
MARC
| LEADER | 00000nam a2200000 4500 | ||
|---|---|---|---|
| 001 | c003051 | ||
| 005 | 20230110082020.4 | ||
| 020 | |a 80-213-0000-0 | ||
| 041 | 0 | |a cze | |
| 041 | 0 | |a eng | |
| 044 | |a CZ | ||
| 245 | 1 | 0 | |a Sborník prací 35 |b Sborník prací Provozně ekonomické fakulty Vysoké školy zemědělské v Praze |c Výk. red. Štefan Medzihorský |
| 250 | |a 1. vyd. | ||
| 264 | 1 | |a Praha |b Vysoká škola zemědělská |c 1992 | |
| 300 | |a 404 s. | ||
| 610 | 2 | 0 | |a poľnohospodárstvo |
| 610 | 2 | 0 | |a podnik poľnohospodársky |
| 610 | 2 | 0 | |a riadenie podnikové |
| 610 | 2 | 0 | |a pracovníci riadiaci |
| 610 | 2 | 0 | |a agrokomplex |
| 610 | 2 | 0 | |a transformácia |
| 610 | 2 | 0 | |a rentabilita výroby |
| 610 | 2 | 0 | |a zainteresovanosť hmotná |
| 610 | 2 | 0 | |a systémy expertné |
| 610 | 2 | 0 | |a systémy informačné |
| 610 | 2 | 0 | |a analýza štatistická |
| 610 | 2 | 0 | |a VŠZ Praha |
| 700 | 1 | |a Medzihorský, Štefan | |